Statistics for Anatomy and medicine by letter- N

Click here to take the quiz!

General Stats

  • This quiz has been taken 44 times
  • The average score is 14 of 20

Answer Stats

HintAnswer% Correct
Nerve cells that send messages all over the body.neuron
97%
The abbreviation for the chemical element, sodium.Na
94%
Doctor who specialises in conditions relating to the brain, spinal cord, and nerves.neurologist
94%
A structure connecting the head to the torso.neck
90%
A facial feature that allows for respirations and gives you a sense of smell.nose
90%
A hard structure at the end of your fingers and toes, made from keratin.nail
84%
The feeling you get when you think you might vomit.nausea
84%
Death of body tissue, occurring when there is not enough blood flow to the affected area.necrosis
84%
Medical speciality concerned with the kidneys.nephrology
77%
The small, raised area in the centre of the breast.nipple
74%
The structure within a cell containing chromosomes.nucleus
74%
Essential healthcare professionals that care for people in all health and aged care settings.nurse
74%
Generally the first 28 days of an infant's life.neonatal
68%
A chronic sleep disorder, causing people to become overwhelmingly sleepy during the day.narcolepsy
65%
A system including the brain, spinal cord, and a complex network of nerves that send messages back and forth between the body.nervous system
65%
A place where critically ill or premature babies are treated.NICU
58%
A hormone and neurotransmitter, that plays a key role in the fight-or-flight response and helps you stay alert and focused. Also known as noradrenaline.norepinephrine
48%
A substance providing sustenance, allowing an organism to survive, grow, and reproduce.nutrient
39%
A group of medicinal drugs, used to treat mild-moderate pain and inflammation. A common example is ibuprofen.nonsteroidal anti-inflammatory drug
16%
Cardiac rhythm presented by a healthy heart, with a regular heart rate of 60-100 bpm at rest.normal sinus rhythm
16%

Score Distribution

Percentile by Number Answered

Percent of People with Each Score

Your Score History

You have not taken this quiz